Captain Underpants and the terrifying return of Tippy Tinkletrousers / (Record no. 1625)

MARC details
000 -LEADER
fixed length control field 00886nam a22002417a 4500
005 - DATE AND TIME OF LATEST TRANSACTION
control field 20230911154551.0
020 ## - INTERNATIONAL STANDARD BOOK NUMBER
International Standard Book Number 9781407133300
040 ## - CATALOGING SOURCE
Original cataloging agency DLC
Language of cataloging eng
Description conventions rda
Transcribing agency DLC
Modifying agency FISKH
050 ## - LIBRARY OF CONGRESS CALL NUMBER
Classification number PZ7.P63123
082 ## - DEWEY DECIMAL CLASSIFICATION NUMBER
Classification number 813.6
100 1# - MAIN ENTRY--PERSONAL NAME
Personal name Pilkey, Dav
245 10 - TITLE STATEMENT
Title Captain Underpants and the terrifying return of Tippy Tinkletrousers /
Statement of responsibility, etc. Dav Pilkey.
260 ## - PUBLICATION, DISTRIBUTION, ETC.
Place of publication, distribution, etc. London :
Name of publisher, distributor, etc. Scholastic,
Date of publication, distribution, etc. 2012
300 ## - PHYSICAL DESCRIPTION
Extent 103 pages :
Dimensions 20 cm
490 0# - SERIES STATEMENT
Series statement Captain underpants ;
Volume/sequential designation 9
505 ## - FORMATTED CONTENTS NOTE
Formatted contents note O
520 ## - SUMMARY, ETC.
Summary, etc. After being sent to jail for the rest of their lives, George and Harold are taken on a trip back in time by Tippy Tinkletrousers back to their Kindergarten days where they must deal with their bully without the help of Captain Underpants.
521 ## - TARGET AUDIENCE NOTE
Target audience note 850 <br/>
Source Lexile
521 ## - TARGET AUDIENCE NOTE
Target audience note O <br/>
Source Raz-Plus
906 ## - LOCAL DATA ELEMENT F, LDF (RLIN)
a 0
b ibc
c orignew
d 2
e epcn
f 20
g y-gencatlg
942 ## - ADDED ENTRY ELEMENTS (KOHA)
Source of classification or shelving scheme Dewey Decimal Classification
Koha item type Books
Suppress in OPAC No
999 ## -
-- 1625
-- 1625
Holdings
Withdrawn status Lost status Source of classification or shelving scheme Damaged status Not for loan Collection Home library Current library Shelving location Date acquired Total Checkouts Full call number Barcode Date last seen Date last checked out Price effective from Koha item type
    Dewey Decimal Classification     Fiction Footprints International School Library Network Toul Kork Campus Footprints International School Library Network Toul Kork Campus A TK Campus, Comic Books (All Reading Levels), B401 Bookcase 1/2, Shelf 3 09/11/2023 2 PIL Fic PZ7.P63123 FISTK00557 04/24/2026 12/19/2025 09/11/2023 Books